[Event "Deutsche Ländermeisterschaft 2023"]
[Site "Hannover GER"]
[Date "2023.10.03"]
[Round "4"]
[White "Kallweit, Paul"]
[Black "Tschernatsch, Johannes"]
[Result "0-1"]
[Termination "normal"]
[Board "7.1"]
[BlackTitle "FM"]
[WhiteElo "1900"]
[BlackElo "2346"]
[WhiteClock "00:04:45"]
[BlackClock "00:15:16"]
[WhiteTeam "Mecklenburg-Vorpommern"]
[BlackTeam "Brandenburg"]
[PlyCount "72"]
[WhiteFideId "16228081"]
[BlackFideId "16223977"]
[EventCountry "GER"]
[EventRounds "7"]
[EventType "team-swiss"]
[EventDate "2023.09.30"]

1. d4 {[%clk 01:30:55]} {[%emt 00:00:05]} d5 {[%clk 01:30:50]} {[%emt
00:00:11]} 2. Bf4 {[%clk 01:31:03]} {[%emt 00:00:22]} c5 {[%clk 01:31:08]}
{[%emt 00:00:12]} 3. e3 {[%clk 01:31:20]} {[%emt 00:00:13]} Nc6 {[%clk
01:31:30]} {[%emt 00:00:08]} 4. c3 {[%clk 01:31:30]} {[%emt 00:00:19]} Bf5
{[%clk 01:30:09]} {[%emt 00:01:51]} 5. Nd2 {[%clk 01:31:20]} {[%emt 00:00:40]}
e6 {[%clk 01:26:13]} {[%emt 00:04:26]} 6. Ngf3 {[%clk 01:31:12]} {[%emt
00:00:39]} cxd4 {[%clk 01:23:27]} {[%emt 00:03:16]} 7. exd4 {[%clk 01:31:19]}
{[%emt 00:00:22]} Bd6 {[%clk 01:23:24]} {[%emt 00:00:33]} 8. Bxd6 {[%clk
01:15:48]} {[%emt 00:16:01]} Qxd6 {[%clk 01:23:50]} {[%emt 00:00:04]} 9. Nh4
{[%clk 01:05:37]} {[%emt 00:10:40]} Bg6 {[%clk 01:24:11]} {[%emt 00:00:10]} 10.
Nxg6 {[%clk 01:00:02]} {[%emt 00:06:05]} hxg6 {[%clk 01:24:35]} {[%emt
00:00:06]} 11. Nf3 {[%clk 01:00:16]} {[%emt 00:00:14]} Nge7 {[%clk 01:15:03]}
{[%emt 00:10:04]} 12. Bd3 {[%clk 00:58:09]} {[%emt 00:02:37]} f6 {[%clk
01:11:03]} {[%emt 00:04:30]} 13. Qe2 {[%clk 00:48:18]} {[%emt 00:10:20]} Kf7
{[%clk 01:09:59]} {[%emt 00:01:34]} 14. O-O-O {[%clk 00:45:21]} {[%emt
00:03:26]} Rac8 {[%clk 01:07:08]} {[%emt 00:03:22]} 15. Kb1 {[%clk 00:42:22]}
{[%emt 00:03:30]} Na5 {[%clk 01:01:44]} {[%emt 00:05:54]} 16. h4 {[%clk
00:26:38]} {[%emt 00:16:13]} Qb6 {[%clk 01:01:14]} {[%emt 00:00:59]} 17. Ka1
{[%clk 00:25:26]} {[%emt 00:01:42]} Nc4 {[%clk 00:59:17]} {[%emt 00:02:28]} 18.
Rb1 {[%clk 00:22:56]} {[%emt 00:03:00]} Qa5 {[%clk 00:53:57]} {[%emt 00:05:49]}
19. Nd2 {[%clk 00:16:25]} {[%emt 00:07:02]} Nxd2 {[%clk 00:54:11]} {[%emt
00:00:16]} 20. Qxd2 {[%clk 00:16:53]} {[%emt 00:00:02]} b5 {[%clk 00:51:32]}
{[%emt 00:03:09]} 21. g4 {[%clk 00:14:31]} {[%emt 00:02:52]} Qb6 {[%clk
00:39:28]} {[%emt 00:12:34]} 22. h5 {[%clk 00:11:35]} {[%emt 00:03:27]} gxh5
{[%clk 00:38:24]} {[%emt 00:01:34]} 23. Rxh5 {[%clk 00:10:37]} {[%emt
00:01:27]} Rxh5 {[%clk 00:37:31]} {[%emt 00:01:22]} 24. gxh5 {[%clk 00:11:06]}
{[%emt 00:00:01]} Rh8 {[%clk 00:36:47]} {[%emt 00:01:14]} 25. Rg1 {[%clk
00:10:23]} {[%emt 00:01:13]} Rxh5 {[%clk 00:29:13]} {[%emt 00:08:04]} 26. Qe2
{[%clk 00:10:23]} {[%emt 00:00:29]} Rh4 {[%clk 00:27:37]} {[%emt 00:02:06]} 27.
Bxb5 {[%clk 00:09:29]} {[%emt 00:01:25]} Ng6 {[%clk 00:26:52]} {[%emt
00:01:15]} 28. Ba4 {[%clk 00:08:33]} {[%emt 00:01:26]} Nf4 {[%clk 00:26:44]}
{[%emt 00:00:38]} 29. Qf3 {[%clk 00:08:05]} {[%emt 00:00:58]} Qa6 {[%clk
00:24:10]} {[%emt 00:03:03]} 30. Bc2 {[%clk 00:07:18]} {[%emt 00:01:18]} g5
{[%clk 00:24:34]} {[%emt 00:00:06]} 31. a4 {[%clk 00:05:46]} {[%emt 00:02:02]}
Rh3 {[%clk 00:23:34]} {[%emt 00:01:30]} 32. Qd1 {[%clk 00:05:40]} {[%emt
00:00:35]} Qe2 {[%clk 00:15:08]} {[%emt 00:08:56]} 33. Qxe2 {[%clk 00:04:02]}
{[%emt 00:02:09]} Nxe2 {[%clk 00:15:34]} {[%emt 00:00:04]} 34. Re1 {[%clk
00:04:12]} {[%emt 00:00:20]} Nf4 {[%clk 00:15:59]} {[%emt 00:00:05]} 35. Re3
{[%clk 00:04:16]} {[%emt 00:00:25]} Rxe3 {[%clk 00:14:56]} {[%emt 00:01:33]}
36. fxe3 {[%clk 00:04:45]} g4 {[%clk 00:15:16]} {[%emt 00:00:11]} 0-1

[Event "Deutsche Ländermeisterschaft 2023"]
[Site "Hannover GER"]
[Date "2023.10.03"]
[Round "4"]
[White "Nemitz, Alfred"]
[Black "Herrmann, Jakob"]
[Result "1-0"]
[Termination "normal"]
[Board "7.2"]
[WhiteTitle "FM"]
[WhiteElo "2300"]
[BlackElo "2071"]
[WhiteClock "00:21:43"]
[BlackClock "00:27:12"]
[WhiteTeam "Brandenburg"]
[BlackTeam "Mecklenburg-Vorpommern"]
[PlyCount "103"]
[WhiteFideId "34601791"]
[BlackFideId "16287169"]
[EventCountry "GER"]
[EventRounds "7"]
[EventType "team-swiss"]
[EventDate "2023.09.30"]

1. d4 {[%emt 00:00:19]} Nf6 {[%emt 00:00:06]} 2. c4 {[%emt 00:00:25]} d6 {[%emt
00:00:16]} 3. Nc3 {[%emt 00:00:21]} e5 {[%emt 00:05:43]} 4. e3 {[%clk
01:26:25]} Nbd7 {[%clk 01:29:31]} {[%emt 00:01:58]} 5. Nf3 {[%clk 01:26:27]}
{[%emt 00:00:26]} g6 {[%clk 01:29:50]} {[%emt 00:00:14]} 6. Be2 {[%clk
01:26:20]} {[%emt 00:00:35]} Bg7 {[%clk 01:30:10]} {[%emt 00:00:10]} 7. O-O
{[%clk 01:26:41]} {[%emt 00:00:09]} O-O {[%clk 01:30:33]} {[%emt 00:00:08]} 8.
b3 {[%clk 01:25:25]} {[%emt 00:01:46]} Re8 {[%clk 01:27:51]} {[%emt 00:03:11]}
9. dxe5 {[%clk 01:21:46]} {[%emt 00:04:08]} dxe5 {[%clk 01:27:51]} {[%emt
00:00:32]} 10. Bb2 {[%clk 01:22:15]} e4 {[%clk 01:21:18]} {[%emt 00:07:03]} 11.
Nd4 {[%clk 01:16:11]} {[%emt 00:06:33]} Ne5 {[%clk 01:19:24]} {[%emt 00:02:25]}
12. b4 {[%clk 01:09:02]} {[%emt 00:07:38]} Bg4 {[%clk 01:13:26]} {[%emt
00:06:28]} 13. Qb3 {[%clk 00:53:25]} {[%emt 00:16:08]} Bxe2 {[%clk 01:08:10]}
{[%emt 00:05:46]} 14. Ncxe2 {[%clk 00:52:45]} {[%emt 00:01:08]} Nd3 {[%clk
01:07:55]} {[%emt 00:00:46]} 15. Rad1 {[%clk 00:50:14]} {[%emt 00:03:01]} Nd7
{[%clk 01:04:40]} {[%emt 00:03:46]} 16. c5 {[%clk 00:48:46]} {[%emt 00:01:57]}
c6 {[%clk 00:59:41]} {[%emt 00:05:30]} 17. Bc3 {[%clk 00:48:38]} {[%emt
00:00:37]} N7e5 {[%clk 00:53:40]} {[%emt 00:06:32]} 18. Ng3 {[%clk 00:34:27]}
{[%emt 00:14:40]} Qh4 {[%clk 00:49:19]} {[%emt 00:04:51]} 19. f3 {[%clk
00:31:45]} {[%emt 00:03:13]} Bh6 {[%clk 00:49:25]} {[%emt 00:00:24]} 20. Nxe4
{[%clk 00:18:53]} {[%emt 00:13:21]} Bxe3+ {[%clk 00:49:15]} {[%emt 00:00:41]}
21. Kh1 {[%clk 00:19:21]} {[%emt 00:00:01]} Nf2+ {[%clk 00:45:43]} {[%emt
00:04:02]} 22. Rxf2 {[%clk 00:16:58]} {[%emt 00:02:53]} Bxf2 {[%clk 00:45:41]}
{[%emt 00:00:32]} 23. g3 {[%clk 00:17:27]} Bxg3 {[%clk 00:44:40]} {[%emt
00:01:31]} 24. Nxg3 {[%clk 00:17:53]} {[%emt 00:00:04]} Rad8 {[%clk 00:41:13]}
{[%emt 00:03:57]} 25. Bb2 {[%clk 00:11:04]} {[%emt 00:07:19]} Rd5 {[%clk
00:32:47]} {[%emt 00:08:55]} 26. Rg1 {[%clk 00:10:01]} {[%emt 00:01:32]} Kf8
{[%clk 00:30:57]} {[%emt 00:02:21]} 27. Qc3 {[%clk 00:07:05]} {[%emt 00:03:26]}
Red8 {[%clk 00:23:36]} {[%emt 00:07:52]} 28. Nde2 {[%clk 00:06:18]} {[%emt
00:01:16]} f6 {[%clk 00:23:16]} {[%emt 00:00:50]} 29. Qe3 {[%clk 00:03:16]}
{[%emt 00:03:32]} Nc4 {[%clk 00:17:52]} {[%emt 00:05:55]} 30. Qe4 {[%clk
00:03:25]} {[%emt 00:00:21]} Qxe4 {[%clk 00:14:10]} {[%emt 00:04:12]} 31. fxe4
{[%emt 00:00:03]} Rd2 {[%clk 00:14:27]} {[%emt 00:00:12]} 32. Bxf6 {[%clk
00:04:19]} {[%emt 00:00:05]} Re8 {[%clk 00:14:36]} {[%emt 00:00:21]} 33. a4
{[%clk 00:04:00]} {[%emt 00:00:48]} Re6 {[%clk 00:13:24]} {[%emt 00:01:43]} 34.
Bc3 {[%clk 00:03:04]} {[%emt 00:01:25]} Ra2 {[%clk 00:12:45]} {[%emt 00:01:10]}
35. a5 {[%clk 00:03:02]} {[%emt 00:00:31]} Ke8 {[%clk 00:11:26]} {[%emt
00:01:49]} 36. Kg2 {[%clk 00:03:04]} {[%emt 00:00:28]} Nd2 {[%clk 00:10:52]}
{[%emt 00:01:05]} 37. Bxd2 {[%clk 00:01:50]} {[%emt 00:01:44]} Rxd2 {[%clk
00:11:17]} {[%emt 00:00:05]} 38. Rb1 {[%clk 00:01:49]} {[%emt 00:00:31]} Rf6
{[%clk 00:06:55]} {[%emt 00:04:51]} 39. Rb3 {[%clk 00:02:12]} {[%emt 00:00:07]}
Ke7 {[%clk 00:05:19]} {[%emt 00:02:07]} 40. a6 {[%clk 00:01:59]} {[%emt
00:00:42]} bxa6 {[%clk 00:04:41]} {[%emt 00:01:09]} 41. Ra3 {[%clk 00:01:48]}
{[%emt 00:00:40]} Rb2 {[%clk 00:04:49]} {[%emt 00:00:22]} 42. Rxa6 {[%clk
00:01:44]} {[%emt 00:00:35]} Rxb4 {[%clk 00:05:13]} {[%emt 00:00:06]} 43. Rxa7+
{[%clk 00:27:52]} {[%emt 00:04:22]} Ke6 {[%clk 00:35:30]} {[%emt 00:00:12]} 44.
Rc7 {[%clk 00:25:02]} {[%emt 00:03:20]} Ke5 {[%clk 00:33:08]} {[%emt 00:02:52]}
45. Rxh7 {[%clk 00:23:45]} {[%emt 00:01:47]} Rc4 {[%clk 00:32:39]} {[%emt
00:01:00]} 46. Re7+ {[%clk 00:23:07]} {[%emt 00:01:07]} Re6 {[%clk 00:33:04]}
{[%emt 00:00:06]} 47. Rxe6+ {[%clk 00:23:26]} {[%emt 00:00:11]} Kxe6 {[%clk
00:33:33]} {[%emt 00:00:02]} 48. Nf4+ {[%clk 00:23:55]} {[%emt 00:00:01]} Kf6
{[%clk 00:32:08]} {[%emt 00:01:55]} 49. Nd3 {[%clk 00:22:35]} {[%emt 00:01:47]}
Rc3 {[%clk 00:31:52]} {[%emt 00:00:48]} 50. e5+ {[%clk 00:22:11]} {[%emt
00:00:54]} Ke6 {[%clk 00:31:37]} {[%emt 00:00:46]} 51. Ne2 {[%clk 00:21:43]}
{[%emt 00:00:57]} Ke7 {[%clk 00:27:12]} {[%emt 00:04:55]} 52. Nxc3 {[%emt
00:00:09]} 1-0

[Event "Deutsche Ländermeisterschaft 2023"]
[Site "Hannover GER"]
[Date "2023.10.03"]
[Round "4"]
[White "Großmann, Piet"]
[Black "Beyer, Lorenz"]
[Result "0-1"]
[Termination "normal"]
[Board "7.3"]
[WhiteElo "1904"]
[BlackElo "2085"]
[WhiteClock "00:00:31"]
[BlackClock "00:10:20"]
[WhiteTeam "Mecklenburg-Vorpommern"]
[BlackTeam "Brandenburg"]
[PlyCount "61"]
[WhiteFideId "16234359"]
[BlackFideId "16245393"]
[EventCountry "GER"]
[EventRounds "7"]
[EventType "team-swiss"]
[EventDate "2023.09.30"]

1. e4 {[%clk 01:30:57]} {[%emt 00:00:02]} e6 {[%clk 01:30:55]} {[%emt
00:00:06]} 2. d4 {[%clk 01:31:00]} {[%emt 00:00:28]} d5 {[%clk 01:31:20]}
{[%emt 00:00:05]} 3. Nc3 {[%clk 01:31:16]} {[%emt 00:00:13]} Nf6 {[%clk
01:31:47]} {[%emt 00:00:03]} 4. Bg5 {[%clk 01:31:18]} {[%emt 00:00:28]} Bb4
{[%clk 01:32:10]} {[%emt 00:00:07]} 5. exd5 {[%clk 01:26:52]} {[%emt 00:04:56]}
Qxd5 {[%clk 01:32:26]} {[%emt 00:00:14]} 6. Bxf6 {[%clk 01:26:05]} {[%emt
00:01:17]} Bxc3+ {[%clk 01:32:50]} {[%emt 00:00:06]} 7. bxc3 {[%clk 01:26:30]}
{[%emt 00:00:05]} gxf6 {[%clk 01:33:16]} {[%emt 00:00:04]} 8. Qf3 {[%clk
01:24:50]} {[%emt 00:02:10]} Qa5 {[%clk 01:26:48]} {[%emt 00:06:57]} 9. Bc4
{[%clk 01:15:24]} {[%emt 00:09:57]} Nc6 {[%clk 01:00:30]} {[%emt 00:26:48]} 10.
Ne2 {[%clk 01:14:30]} {[%emt 00:01:23]} f5 {[%clk 01:00:09]} {[%emt 00:00:52]}
11. O-O {[%clk 01:10:24]} {[%emt 00:04:35]} Bd7 {[%clk 00:58:29]} {[%emt
00:02:10]} 12. Rab1 {[%clk 01:08:34]} {[%emt 00:02:21]} O-O-O {[%clk 00:55:17]}
{[%emt 00:03:43]} 13. Rb2 {[%clk 00:51:54]} {[%emt 00:17:09]} Rdg8 {[%clk
00:54:57]} {[%emt 00:00:49]} 14. Rfb1 {[%clk 00:50:54]} {[%emt 00:01:31]} Nd8
{[%clk 00:54:01]} {[%emt 00:01:25]} 15. Nf4 {[%clk 00:46:42]} {[%emt 00:04:42]}
Qa4 {[%clk 00:41:52]} {[%emt 00:12:39]} 16. Rb4 {[%clk 00:31:56]} {[%emt
00:15:16]} Qxc2 {[%clk 00:34:51]} {[%emt 00:07:31]} 17. Ba6 {[%clk 00:30:41]}
{[%emt 00:01:45]} Bc6 {[%clk 00:30:25]} {[%emt 00:04:56]} 18. d5 {[%clk
00:30:49]} {[%emt 00:00:22]} exd5 {[%clk 00:29:56]} {[%emt 00:00:59]} 19. Nxd5
{[%clk 00:22:57]} {[%emt 00:08:22]} Re8 {[%clk 00:25:56]} {[%emt 00:04:30]} 20.
Rxb7 {[%clk 00:07:14]} {[%emt 00:16:12]} Bxb7 {[%clk 00:24:28]} {[%emt
00:01:59]} 21. Bxb7+ {[%clk 00:07:24]} {[%emt 00:00:20]} Nxb7 {[%clk 00:24:43]}
{[%emt 00:00:15]} 22. Ne7+ {[%clk 00:07:41]} {[%emt 00:00:13]} Kd7 {[%clk
00:21:08]} {[%emt 00:04:05]} 23. Qxb7 {[%clk 00:04:32]} {[%emt 00:03:39]} Kxe7
{[%clk 00:16:50]} {[%emt 00:04:48]} 24. Qb4+ {[%clk 00:01:17]} {[%emt
00:03:45]} Kf6 {[%clk 00:16:26]} {[%emt 00:00:53]} 25. Qh4+ {[%clk 00:01:27]}
{[%emt 00:00:20]} Kg7 {[%clk 00:14:00]} {[%emt 00:02:56]} 26. Qg5+ {[%clk
00:01:25]} {[%emt 00:00:32]} Kf8 {[%clk 00:13:56]} {[%emt 00:00:34]} 27. Qh6+
{[%clk 00:01:29]} {[%emt 00:00:27]} Ke7 {[%clk 00:13:28]} {[%emt 00:00:58]} 28.
Qh4+ {[%clk 00:01:10]} {[%emt 00:00:49]} Kd7 {[%clk 00:13:05]} {[%emt
00:00:53]} 29. Qd4+ {[%clk 00:00:57]} {[%emt 00:00:43]} Kc8 {[%clk 00:12:55]}
{[%emt 00:00:40]} 30. Qb4 {[%clk 00:00:45]} {[%emt 00:00:41]} Qe4 {[%clk
00:10:20]} {[%emt 00:03:06]} 31. Rd1 {[%clk 00:00:31]} {[%emt 00:00:45]} 0-1

[Event "Deutsche Ländermeisterschaft 2023"]
[Site "Hannover GER"]
[Date "2023.10.03"]
[Round "4"]
[White "Hoffmann, Kay"]
[Black "Schulz, Bruno Andreas"]
[Result "1-0"]
[Termination "normal"]
[Board "7.4"]
[WhiteElo "2064"]
[BlackElo "1737"]
[WhiteClock "01:19:46"]
[BlackClock "00:46:43"]
[WhiteTeam "Brandenburg"]
[BlackTeam "Mecklenburg-Vorpommern"]
[PlyCount "105"]
[WhiteFideId "16227000"]
[BlackFideId "34618473"]
[EventCountry "GER"]
[EventRounds "7"]
[EventType "team-swiss"]
[EventDate "2023.09.30"]

1. d4 {[%clk 01:30:58]} {[%emt 00:00:02]} d5 {[%clk 01:30:56]} {[%emt
00:00:04]} 2. Bf4 {[%clk 01:31:24]} {[%emt 00:00:04]} Nf6 {[%clk 01:31:21]}
{[%emt 00:00:05]} 3. e3 {[%clk 01:31:49]} {[%emt 00:00:04]} c5 {[%clk
01:31:42]} {[%emt 00:00:09]} 4. c3 {[%clk 01:32:16]} {[%emt 00:00:04]} Nc6
{[%clk 01:32:06]} {[%emt 00:00:06]} 5. Nf3 {[%clk 01:32:42]} {[%emt 00:00:03]}
Qb6 {[%clk 01:32:09]} {[%emt 00:00:28]} 6. Qc2 {[%clk 01:33:07]} {[%emt
00:00:05]} Bf5 {[%clk 01:32:32]} {[%emt 00:00:06]} 7. dxc5 {[%clk 01:33:33]}
{[%emt 00:00:05]} Bxc2 {[%clk 01:32:13]} {[%emt 00:00:49]} 8. cxb6 {[%clk
01:33:57]} {[%emt 00:00:06]} axb6 {[%clk 01:32:34]} {[%emt 00:00:09]} 9. Na3
{[%clk 01:34:23]} {[%emt 00:00:03]} e5 {[%clk 01:30:23]} {[%emt 00:02:42]} 10.
Nxc2 {[%clk 01:34:05]} {[%emt 00:00:48]} exf4 {[%clk 01:30:42]} {[%emt
00:00:11]} 11. exf4 {[%clk 01:34:30]} {[%emt 00:00:04]} Bd6 {[%clk 01:31:00]}
{[%emt 00:00:12]} 12. g3 {[%clk 01:34:06]} {[%emt 00:00:54]} O-O {[%clk
01:31:00]} {[%emt 00:00:31]} 13. Bd3 {[%clk 01:32:42]} {[%emt 00:01:54]} Rfe8+
{[%clk 01:31:06]} {[%emt 00:00:24]} 14. Kf1 {[%clk 01:32:45]} {[%emt 00:00:26]}
h6 {[%clk 01:31:06]} {[%emt 00:00:30]} 15. Kg2 {[%clk 01:32:56]} {[%emt
00:00:18]} Rad8 {[%clk 01:31:05]} {[%emt 00:00:32]} 16. Rhe1 {[%clk 01:30:37]}
{[%emt 00:02:48]} Bc7 {[%clk 01:30:18]} {[%emt 00:01:18]} 17. Ncd4 {[%clk
01:27:42]} {[%emt 00:03:26]} Bb8 {[%clk 01:25:25]} {[%emt 00:05:23]} 18. Bb5
{[%clk 01:27:12]} {[%emt 00:01:00]} Nxd4 {[%clk 01:24:43]} {[%emt 00:01:12]}
19. Nxd4 {[%clk 01:27:32]} {[%emt 00:00:10]} Rxe1 {[%clk 01:24:03]} {[%emt
00:01:10]} 20. Rxe1 {[%clk 01:27:55]} {[%emt 00:00:07]} Kf8 {[%clk 01:24:23]}
{[%emt 00:00:10]} 21. Nf3 {[%clk 01:22:42]} {[%emt 00:05:43]} g6 {[%clk
01:16:20]} {[%emt 00:08:34]} 22. Ne5 {[%clk 01:20:47]} {[%emt 00:02:24]} d4
{[%clk 01:15:47]} {[%emt 00:01:03]} 23. Rd1 {[%clk 01:20:23]} {[%emt 00:00:54]}
Rd5 {[%clk 01:15:19]} {[%emt 00:00:58]} 24. Bc4 {[%clk 01:20:38]} {[%emt
00:00:14]} dxc3 {[%clk 00:57:55]} {[%emt 00:17:55]} 25. Bxd5 {[%clk 01:20:05]}
{[%emt 00:01:03]} Bxe5 {[%clk 00:57:27]} {[%emt 00:00:57]} 26. fxe5 {[%clk
01:20:17]} {[%emt 00:00:18]} c2 {[%clk 00:45:27]} {[%emt 00:12:31]} 27. Rc1
{[%clk 01:20:38]} {[%emt 00:00:09]} Nxd5 {[%clk 00:45:54]} {[%emt 00:00:03]}
28. Rxc2 {[%clk 01:21:03]} {[%emt 00:00:04]} Ke7 {[%clk 00:46:20]} {[%emt
00:00:05]} 29. Kf3 {[%clk 01:19:12]} {[%emt 00:02:20]} Ke6 {[%clk 00:46:43]}
{[%emt 00:00:09]} 30. Ke4 {[%clk 01:19:34]} {[%emt 00:00:06]} Nb4 {[%clk
00:43:54]} {[%emt 00:03:20]} 31. Rd2 {[%clk 01:18:46]} {[%emt 00:01:18]} Nc6
{[%clk 00:43:06]} {[%emt 00:01:19]} 32. f4 {[%clk 01:19:05]} {[%emt 00:00:09]}
h5 {[%clk 00:42:26]} {[%emt 00:01:10]} 33. h3 {[%clk 01:19:13]} {[%emt
00:00:22]} b5 {[%clk 00:42:36]} {[%emt 00:00:20]} 34. g4 {[%clk 01:19:32]}
{[%emt 00:00:11]} hxg4 {[%clk 00:42:23]} {[%emt 00:00:44]} 35. hxg4 {[%clk
01:19:56]} {[%emt 00:00:05]} b4 {[%clk 00:42:37]} {[%emt 00:00:16]} 36. Rd6+
{[%clk 01:19:32]} {[%emt 00:00:54]} Ke7 {[%clk 00:42:59]} {[%emt 00:00:09]} 37.
Rxc6 {[%clk 01:19:06]} {[%emt 00:00:55]} bxc6 {[%clk 00:43:24]} {[%emt
00:00:05]} 38. f5 {[%clk 01:19:31]} {[%emt 00:00:05]} g5 {[%clk 00:43:24]}
{[%emt 00:00:30]} 39. Kd4 {[%clk 01:19:50]} {[%emt 00:00:11]} b3 {[%clk
00:43:24]} {[%emt 00:00:31]} 40. a4 {[%clk 01:20:13]} {[%emt 00:00:07]} c5+
{[%clk 00:43:48]} {[%emt 00:00:05]} 41. Kxc5 {[%clk 01:20:38]} {[%emt
00:00:05]} f6 {[%clk 00:44:08]} {[%emt 00:00:11]} 42. e6 {[%clk 01:20:59]}
{[%emt 00:00:08]} Kd8 {[%clk 00:44:05]} {[%emt 00:00:33]} 43. Kd6 {[%clk
01:21:22]} {[%emt 00:00:06]} Ke8 {[%clk 00:44:18]} {[%emt 00:00:18]} 44. e7
{[%clk 01:21:48]} {[%emt 00:00:05]} Kf7 {[%clk 00:44:06]} {[%emt 00:00:42]} 45.
Kd7 {[%clk 01:22:12]} {[%emt 00:00:05]} Kg7 {[%clk 00:44:27]} {[%emt 00:00:09]}
46. e8=Q {[%clk 01:22:03]} {[%emt 00:00:38]} Kh7 {[%clk 00:44:51]} {[%emt
00:00:07]} 47. Qg6 {[%clk 01:20:48]} {[%emt 00:01:45]} Kh8 {[%clk 00:45:15]}
{[%emt 00:00:06]} 48. Qxf6+ {[%clk 01:20:19]} {[%emt 00:00:58]} Kg8 {[%clk
00:45:30]} {[%emt 00:00:15]} 49. a5 {[%clk 01:19:50]} {[%emt 00:00:58]} Kh7
{[%clk 00:45:42]} {[%emt 00:00:18]} 50. a6 {[%clk 01:19:44]} {[%emt 00:00:37]}
Kg8 {[%clk 00:45:50]} {[%emt 00:00:21]} 51. a7 {[%clk 01:20:00]} {[%emt
00:00:14]} Kh7 {[%clk 00:46:19]} {[%emt 00:00:02]} 52. Qg6 {[%clk 01:19:46]}
{[%emt 00:00:44]} Kh8 {[%clk 00:46:43]} {[%emt 00:00:06]} 53. a8=R+ {[%emt
00:00:07]} 1-0